| 000 | 00643nam a2200229Ia 4500 | ||
|---|---|---|---|
| 008 | 180523s9999 xx 000 0 und d | ||
| 020 | _a978-1-63549-423-5 | ||
| 050 | _aComSc QA 76.754 | ||
| 050 | _b.S64 2017 | ||
| 245 | 0 | _aSoftware architecture : | |
| 245 | 0 | _bprinciples and practice / | |
| 245 | 0 | _cedited by Colt McGarry. | |
| 260 | _aNew York : | ||
| 260 | _bLarsen & Keller, | ||
| 260 | _c2017 | ||
| 300 | _a337pages : | ||
| 300 | _billustrations (some colored) ; | ||
| 300 | _c26 cm. | ||
| 500 | _aIncludes bibliographical references and index. | ||
| 650 | _aSoftware architecture. | ||
| 650 | _xComputer architecture. | ||
| 999 |
_c357849 _d357849 |
||